<?xml version="1.0" encoding="UTF-8"?>
<record
    xmlns:xsi="http://www.w3.org/2001/XMLSchema-instance"
    xsi:schemaLocation="http://www.loc.gov/MARC21/slim http://www.loc.gov/standards/marcxml/schema/MARC21slim.xsd"
    xmlns="http://www.loc.gov/MARC21/slim">

  <leader>01709cam a2200361 a 4500</leader>
  <controlfield tag="001">31108</controlfield>
  <controlfield tag="003">BD-RjUL</controlfield>
  <controlfield tag="005">20211209051648.0</controlfield>
  <controlfield tag="008">140413s1997    ir       b    001 0 eng d</controlfield>
  <datafield tag="020" ind1=" " ind2=" ">
    <subfield code="z">9645961028 (set)</subfield>
  </datafield>
  <datafield tag="035" ind1=" " ind2=" ">
    <subfield code="a">BD-RjUL)31195</subfield>
  </datafield>
  <datafield tag="040" ind1=" " ind2=" ">
    <subfield code="a">NjP</subfield>
    <subfield code="c">NjP</subfield>
    <subfield code="d">DLC</subfield>
    <subfield code="d">BD-RjUL</subfield>
    <subfield code="b">eng</subfield>
  </datafield>
  <datafield tag="041" ind1="1" ind2=" ">
    <subfield code="a">eng</subfield>
    <subfield code="a">ara</subfield>
    <subfield code="h">ara</subfield>
  </datafield>
  <datafield tag="082" ind1=" " ind2=" ">
    <subfield code="a">297.1227</subfield>
    <subfield code="b">ENL V-1 1997</subfield>
  </datafield>
  <datafield tag="245" ind1="0" ind2="3">
    <subfield code="a">An enlightening commentary into the light of the holy Qur&#x2BC;an /</subfield>
    <subfield code="c">compiled by Kamal Faghih Imani &amp; a group of Muslim scholars ; translated by Abbas Sadr-&#x2BB;&#x101;mel&#x12B; ; edited by Celeste Smith.</subfield>
  </datafield>
  <datafield tag="246" ind1="1" ind2="3">
    <subfield code="a">N&#x16B;r al-Qur&#x2BC;&#x101;n f&#x12B; tafs&#x12B;r al-Qur&#x2BC;&#x101;n</subfield>
  </datafield>
  <datafield tag="250" ind1=" " ind2=" ">
    <subfield code="a">5th ed.</subfield>
  </datafield>
  <datafield tag="260" ind1=" " ind2=" ">
    <subfield code="a">Esfahan :</subfield>
    <subfield code="b">Scientific and Religious Research Center, Amir-ul-Mu&#x2BC;mineen Ali (a.s.) Public Library,</subfield>
    <subfield code="c">1997.</subfield>
  </datafield>
  <datafield tag="300" ind1=" " ind2=" ">
    <subfield code="a">xxiii,366 p.;</subfield>
    <subfield code="c">25 cm.</subfield>
  </datafield>
  <datafield tag="500" ind1=" " ind2=" ">
    <subfield code="a">Vols. 1-2 edited by Celeste Smith.</subfield>
  </datafield>
  <datafield tag="500" ind1=" " ind2=" ">
    <subfield code="a">Includes various editions of some vols.</subfield>
  </datafield>
  <datafield tag="500" ind1=" " ind2=" ">
    <subfield code="a">Vol. 18 translated by: Mohammad Mehdi Baghi.</subfield>
  </datafield>
  <datafield tag="504" ind1=" " ind2=" ">
    <subfield code="a">Includes bibliographical references and index.</subfield>
  </datafield>
  <datafield tag="505" ind1="1" ind2=" ">
    <subfield code="a">[v. 1] Part 1 -- [v. 2] Part 2 -- [v. 3] Parts 3 &amp; 4 -- [v. 4] Parts 5 &amp; 6 -- [v. 5] Parts 7 &amp; 8 -- [v. 6] Parts 9 &amp; 10 -- [v. 7] Parts 11 &amp; 12 -- [v. 9] Parts 15 &amp; 16 -- [v. 10] Part 17 -- [v. 11] Part 18 -- [v.12] Part 19 -- [v.13] Part 20 -- [v.14] Part 21 -- [v.15] Part 22 &amp; 23 -- [v.16] Part 24 -- [v. 17] Part 25 &amp; 26 -- [v. 18] Parts 28-29</subfield>
  </datafield>
  <datafield tag="650" ind1=" " ind2="0">
    <subfield code="a">Qur&#x2BC;an -- Commentaries. </subfield>
    <subfield code="9">94487</subfield>
  </datafield>
  <datafield tag="700" ind1="1" ind2=" ">
    <subfield code="a">Smith, Celeste.</subfield>
    <subfield code="9">94608</subfield>
  </datafield>
  <datafield tag="700" ind1="1" ind2=" ">
    <subfield code="a">Sadr-&#x2BB;&#x101;mel&#x12B;, Abbas.</subfield>
    <subfield code="9">94609</subfield>
  </datafield>
  <datafield tag="700" ind1="1" ind2=" ">
    <subfield code="a">Faghih Imani, Kamal.</subfield>
    <subfield code="9">94610</subfield>
  </datafield>
  <datafield tag="700" ind1="1" ind2=" ">
    <subfield code="a">B&#x101;q&#x12B;, Mu&#x1E25;ammad Mahd&#x12B;.</subfield>
    <subfield code="9">94611</subfield>
  </datafield>
  <datafield tag="942" ind1=" " ind2=" ">
    <subfield code="2">ddc</subfield>
    <subfield code="c">BK</subfield>
  </datafield>
  <datafield tag="999" ind1=" " ind2=" ">
    <subfield code="c">31108</subfield>
    <subfield code="d">31108</subfield>
  </datafield>
  <datafield tag="952" ind1=" " ind2=" ">
    <subfield code="0">0</subfield>
    <subfield code="1">0</subfield>
    <subfield code="2">ddc</subfield>
    <subfield code="4">0</subfield>
    <subfield code="7">1</subfield>
    <subfield code="8">NFIC</subfield>
    <subfield code="a">RUCL</subfield>
    <subfield code="b">RUCL</subfield>
    <subfield code="c">Reading</subfield>
    <subfield code="d">1997-11-22</subfield>
    <subfield code="e">Isfahan Irain Gift</subfield>
    <subfield code="l">0</subfield>
    <subfield code="o">297.1227 ENL V-1 1997</subfield>
    <subfield code="r">2014-04-13 00:00:00</subfield>
    <subfield code="t">C-1</subfield>
    <subfield code="w">2014-04-13</subfield>
    <subfield code="y">BK</subfield>
  </datafield>
</record>
